| 000 | 01115nam a2200313 i 4500 | ||
|---|---|---|---|
| 001 | bg | ||
| 100 | 1 | _aSHIM, Jae K. | |
| 245 | 1 | 0 |
_aTechnologia informacyjna / _cJae K. Shim, Joel G. Siegel, Robert Chi ; przeł. Adam Oracz. |
| 246 |
_iTyt. oryg.: _aThe vest-pocket guide to information technology |
||
| 260 |
_aWarszawa : _b"ABC", _c1999. |
||
| 300 |
_a354 s. : _bil. ; _c24 cm. |
||
| 490 | 1 | _aBiblioteka Praktyków Zarządzania | |
| 500 | _aTyt. oryg.: "The vest-pocket guide to information technology" 1997. | ||
| 504 | _aIndeks. | ||
| 650 | 9 |
_aPrzedsiębiorstwo _xorganizacja _xautomatyzacja |
|
| 650 | 9 |
_aSystemy informatyczne _xstosowanie _xgospodarka |
|
| 650 | 9 |
_aZarządzanie _xautomatyzacja |
|
| 700 | 1 | _aSIEGEL, Joel G. | |
| 700 | 1 | _aCHI, Robert | |
| 830 | _aBiblioteka Praktyków Zarządzania | ||
| 020 | _a8387916129 | ||
| 040 | _cBPK | ||
| 041 | 1 |
_apl _hen |
|
| 080 | _a658.1/.5.012:004 | ||
| 920 | _a83-87916-12-9 | ||
| 942 | _cKS | ||
| 008 | s pl f |000 0 pol | ||
| 999 |
_c41019 _d41019 |
||
| 856 |
_uhttp://koha.tu.koszalin.pl/cgi-bin/koha/opac-detail.pl?biblionumber=41019 _yKatalog online BPK |
||